00144 a2200073 4500020001800000082001600018100001800034245001800052 a9780385345804 bJ 743.6 SIL aSilvani James aDraw-A-Saurus